000 00438nam a2200121Ia 4500
008 220615s9999||||xx |||||||||||||| ||und||
245 0 _aImportance of Selenium in the Environment and Human Health
546 _aEnglish[eng]
650 _aInorganic chemistry
700 _aMuzibur Rahman, Mohammed||Mohamed Asiri, Abdullah||Khan, Anish
856 _uhttps://mts.intechopen.com/storage/books/9206/authors_book/authors_book.pdf
942 _cEB
999 _c15779
_d15779